Indian aircraft manual (Record no. 498658)

000 -LEADER
fixed length control field 00421cam a22001097a 4500
008 - FIXED-LENGTH DATA ELEMENTS--GENERAL INFORMATION
fixed length control field 180718b xxu||||| |||| 00| 0 eng d
082 ## - DEWEY DECIMAL CLASSIFICATION NUMBER
Classification number W600x54 In2
245 ## - TITLE STATEMENT
Title Indian aircraft manual
Statement of responsibility, etc. by The Legislation and Rules Governing Civil Aviation, India
260 ## - PUBLICATION, DISTRIBUTION, ETC.
Place of publication, distribution, etc. Delhi
Name of publisher, distributor, etc. The Manager Government of India Press
Date of publication, distribution, etc.
500 ## - GENERAL NOTE
General note Contents : Library has 1961, 1968
700 ## - ADDED ENTRY--PERSONAL NAME
Personal name India. The Legislation and Rules Governing Civil Aviation
Holdings
Withdrawn status Lost status Damaged status Not for loan Permanent Location Current Location Date acquired Full call number Barcode Date last seen Price effective from Koha item type
        Indian Institute of Public Administration Indian Institute of Public Administration 2018-08-04 W600x54 In2 G163 2018-08-04 2018-08-04 G
        Indian Institute of Public Administration Indian Institute of Public Administration 2018-08-04 W600x54 In2 GG9443 2018-08-04 2018-08-04 GG

Powered by Koha